00522nam a2200169Ia 4500003000500000008004100005020001800046040001900064082000700083100002100090245003400111260004100145546001200186942001200198999001700210952012500227STCL181203s9999 xx 000 0 und d a9789351340089 aSTCLbENcSTCL 222 aSrivastava, T.N. 0aBusiness Research Methodology bMcGraw Hill EducationaChennaic2016 aEnglish 2ddccBK c86616d86616 00102ddc4070aSTCALbSTCALcGENd2018-12-03l1o650.072 SRI-Bp95219r2023-10-25 00:00:00s2023-10-03w2018-12-03yBK